Catálogo

BEYOND RIO THE ENVIRONMENTAL CRISIS AND SUSTAINABLE : (Registro nro. 23929)

Detalles MARC
000 -LEADER
fixed length control field 00624nam a2200181 a 4500
001 - CONTROL NUMBER
control field 23929
005 - DATE AND TIME OF LATEST TRANSACTION
control field 20180713222052.0
008 - FIXED-LENGTH DATA ELEMENTS--GENERAL INFORMATION
fixed length control field 140415s1995 enk 000 0 eng d
020 ## - INTERNATIONAL STANDARD BOOK NUMBER
International Standard Book Number 031212712X
041 ## - LANGUAGE CODE
Language code of text/sound track or separate title eng
082 ## - DEWEY DECIMAL CLASSIFICATION NUMBER
Classification number 331.11091726
Item number BEY
245 00 - TITLE STATEMENT
Title BEYOND RIO THE ENVIRONMENTAL CRISIS AND SUSTAINABLE :
Remainder of title LIVELIHOOD IN THE THIRD WORLD
250 ## - EDITION STATEMENT
Edition statement 1a ed.
260 ## - PUBLICATION, DISTRIBUTION, ETC.
Place of publication, distribution, etc. INGLATERRA :
Name of publisher, distributor, etc. INTERNATIONAL LABOUR ORGANIZATION,
Date of publication, distribution, etc. 1995
300 ## - PHYSICAL DESCRIPTION
Extent 390
490 ## - SERIES STATEMENT
Series statement SERIE ILO
650 14 - SUBJECT ADDED ENTRY--TOPICAL TERM
Topical term or geographic name entry element AJUSTE ESTRUCTURAL (POLITICA ECONOMICA
General subdivision PAISES DESARROLLADO
-- RECURSOS HUMANOS
-- POLITICA
-- PAISES DESARROLLADOS
Existencias
Withdrawn status Lost status Source of classification or shelving scheme Damaged status Not for loan Collection code Home library Current library Shelving location Date acquired Source of acquisition Inventory number Total Checkouts Full call number Barcode Date last seen Price effective from Koha item type
    Dewey Decimal Classification     General Biblioteca Karol Wojtyla Biblioteca Karol Wojtyla Sala general 03/12/2013 Compra 151000000000000000049450   331.11091726 BEY 44797 05/01/2026 03/12/2013 Libro